[Event "Madrid-chT 1819"]
[Site "Madrid"]
[Date "2019.03.17"]
[Round "14.5"]
[White "Blasco de la Cruz, Luis"]
[Black "Rodriguez Lopez, Ruben"]
[Result "1/2-1/2"]
[WhiteElo "1922"]
[BlackElo "1852"]
[PlyCount "50"]
[EventDate "2018.11.17"]
[EventType "team-tourn"]
[EventRounds "14"]
[EventCountry "ESP"]
[SourceTitle "CBM 189 Extra"]
[Source "ChessBase"]
[SourceDate "2019.06.03"]
[SourceVersion "1"]
[SourceVersionDate "2019.06.03"]
[SourceQuality "1"]
[WhiteTeam "Villalba 64"]
[BlackTeam "San Fernando de Henares"]
[WhiteTeamCountry "ESP"]
[BlackTeamCountry "ESP"]

1. e4 g5 2. d4 Bg7 3. c4 c5 4. d5 d6 5. Bd3 Na6 6. Nc3 e5 7. Be3 h6 8. Nge2 Bg4 9. f3 Bh5 10. Qd2 Ne7 11. g4 Bg6 12. Ng3 f6 13. h4 Nc7 14. Nf5 Bxf5 15. gxf5 a6 16. Kf2 Nc8 17. a4 Rb8 18. b3 b6 19. Be2 Rb7 20. Bd3 Na7 21. Ne2 b5 22. axb5 axb5 23. Ng3 bxc4 24. bxc4 Qb8 25. Ra2 Nc8 1/2-1/2

[Event "Madrid-chT 1819"]
[Site "Madrid"]
[Date "2019.01.13"]
[Round "5.5"]
[White "Rodriguez Lopez, Ruben"]
[Black "Beltran de Heredia Eguiaz, Miguel Angel"]
[Result "0-1"]
[WhiteElo "1849"]
[BlackElo "2230"]
[PlyCount "92"]
[EventDate "2018.11.17"]
[EventType "team-tourn"]
[EventRounds "14"]
[EventCountry "ESP"]
[SourceTitle "CBM 189 Extra"]
[Source "ChessBase"]
[SourceDate "2019.06.03"]
[SourceVersion "1"]
[SourceVersionDate "2019.06.03"]
[SourceQuality "1"]
[WhiteTeam "San Fernando de Henares"]
[BlackTeam "Blanco y Negro"]
[WhiteTeamCountry "ESP"]
[BlackTeamCountry "ESP"]

1. g4 e5 2. Nf3 Nc6 3. d3 d5 4. h3 Bc5 5. c3 Bb6 6. Bg2 Nge7 7. b4 a6 8. Bb2 Ng6 9. e3 Be6 10. a3 Nh4 11. Nxh4 Qxh4 12. Qe2 0-0-0 13. Nd2 h5 14. gxh5 Rxh5 15. 0-0-0 Rf5 16. Rdf1 Ba7 17. c4 dxc4 18. dxc4 e4 19. Nxe4 Ne5 20. Bxe5 Rxe5 21. f4 Rxe4 22. Bxe4 Qf6 23. Kc2 Re8 24. Rd1 Bd7 25. Rxd7 Kxd7 26. Qd3+ Ke7 27. Bxb7 Kf8 28. c5 Rd8 29. Qe4 Qh4 30. Rh2 Qe1 31. Bd5 c6 32. Bc4 Rd1 33. Kb3 Rc1 34. Ka4 a5 35. Qxc6 Rxc4 36. Qa8+ Ke7 37. Qxa7+ Ke6 38. Qb6+ Kf5 39. Kxa5 Qxe3 40. Qc7 Qxa3+ 41. Kb6 Rxb4+ 42. Kc6 Qa8+ 43. Kd6 Rd4+ 44. Ke7 Re4+ 45. Kd6 Re6+ 46. Kd7 Qe8# 0-1

[Event "Madrid-chT 1516"]
[Site "Madrid"]
[Date "2016.03.13"]
[Round "14.46"]
[White "Rodriguez Lopez, Ruben"]
[Black "Perez de Aranda, Leonardo Ivan"]
[Result "0-1"]
[WhiteElo "1949"]
[BlackElo "2078"]
[PlyCount "68"]
[EventDate "2015.11.22"]
[EventType "team-tourn"]
[EventRounds "14"]
[EventCountry "ESP"]
[SourceTitle "EXT 2018"]
[Source "ChessBase"]
[SourceDate "2017.10.13"]
[SourceVersion "1"]
[SourceVersionDate "2017.10.13"]
[SourceQuality "1"]
[WhiteTeam "San Fernando de Henares"]
[BlackTeam "Virgen de Atocha"]
[WhiteTeamCountry "ESP"]
[BlackTeamCountry "ESP"]

1. d4 d5 2. c4 dxc4 3. e4 e5 4. Nf3 exd4 5. Nxd4 c5 6. Nb5 Qxd1+ 7. Kxd1 Na6 8. Bxc4 Be6 9. Bxe6 fxe6 10. Bd2 Nf6 11. f3 Be7 12. a3 0-0 13. Bc3 Ne8 14. Nd2 Nb8 15. a4 Nc6 16. Nb3 a6 17. Na3 Nd4 18. Bxd4 cxd4 19. Ke2 Bxa3 20. Rxa3 Rc8 21. Rc1 Nd6 22. Raa1 e5 23. Rxc8 Rxc8 24. Rc1 Rc4 25. Kd3 Rxa4 26. Rc5 Rb4 27. Kc2 Nc4 28. Kd3 Nxb2+ 29. Kc2 Nc4 30. Kd3 Rxb3+ 31. Kxc4 Rc3+ 32. Kb4 Rxc5 33. Kxc5 d3 34. f4 d2 0-1

[Event "Guadalajara-chT"]
[Site "Guadalajara"]
[Date "2016.03.12"]
[Round "8.2"]
[White "Chudyk, Vladimir"]
[Black "Rodriguez Lopez, Ruben"]
[Result "0-1"]
[WhiteElo "1254"]
[BlackElo "1931"]
[PlyCount "44"]
[EventDate "2016.01.23"]
[EventType "team-tourn"]
[EventRounds "9"]
[EventCountry "ESP"]
[SourceTitle "EXT 2017"]
[Source "ChessBase"]
[SourceDate "2016.10.25"]
[SourceVersion "1"]
[SourceVersionDate "2016.10.25"]
[SourceQuality "1"]
[WhiteTeam "Guadalajara Junior"]
[BlackTeam "Uned A"]
[WhiteTeamCountry "ESP"]
[BlackTeamCountry "ESP"]

1. e4 c5 2. Nf3 Nc6 3. d4 cxd4 4. Nxd4 Nf6 5. Nc3 d6 6. Be3 e6 7. f3 a6 8. Be2 Qc7 9. Qd2 Be7 10. 0-0-0 0-0 11. g4 Nd7 12. h4 b5 13. h5 Nc5 14. h6 g6 15. Nxc6 Qxc6 16. f4 Bb7 17. Rh3 Rac8 18. Bd3 b4 19. Nb1 Nxd3+ 20. Qxd3 Qxe4 21. Qd2 Qg2 22. Qd4 Rxc2# 0-1

[Event "Madrid-chT 1516"]
[Site "Madrid"]
[Date "2016.03.06"]
[Round "13.26"]
[White "Suarez Triguero, Jose Alfonso"]
[Black "Rodriguez Lopez, Ruben"]
[Result "1-0"]
[WhiteElo "2063"]
[BlackElo "1949"]
[PlyCount "77"]
[EventDate "2015.11.22"]
[EventType "team-tourn"]
[EventRounds "14"]
[EventCountry "ESP"]
[SourceTitle "EXT 2017"]
[Source "ChessBase"]
[SourceDate "2016.10.25"]
[SourceVersion "1"]
[SourceVersionDate "2016.10.25"]
[SourceQuality "1"]
[WhiteTeam "Liberty Chess"]
[BlackTeam "San Fernando de Henares"]
[WhiteTeamCountry "ESP"]
[BlackTeamCountry "ESP"]

1. e4 c5 2. c4 Nc6 3. Ne2 g6 4. d4 cxd4 5. Nxd4 Bg7 6. Be3 Nf6 7. Nc3 Qa5 8. f3 d6 9. Qd2 Bd7 10. Be2 a6 11. 0-0 0-0 12. a3 Rfc8 13. b4 Qc7 14. Rac1 b6 15. Nd5 Qd8 16. Rfd1 Rab8 17. Nxc6 Bxc6 18. c5 Bxd5 19. exd5 b5 20. c6 Ne8 21. a4 e5 22. axb5 axb5 23. Ra1 f5 24. Ra5 Nc7 25. Ba7 Ra8 26. Bb6 Qh4 27. g3 Qh3 28. Bxc7 Bh6 29. Qe1 e4 30. f4 g5 31. Bxd6 Rxa5 32. bxa5 gxf4 33. Qf1 Qxf1+ 34. Kxf1 f3 35. Bxf3 exf3 36. Kf2 Kf7 37. Kxf3 Bg7 38. Rb1 Rd8 39. c7 1-0

[Event "Madrid-chT 1516"]
[Site "Madrid"]
[Date "2016.02.20"]
[Round "11.46"]
[White "Rodriguez Lopez, Ruben"]
[Black "Ruperez Benito, Antonio"]
[Result "0-1"]
[WhiteElo "1949"]
[BlackElo "2218"]
[PlyCount "60"]
[EventDate "2015.11.22"]
[EventType "team-tourn"]
[EventRounds "14"]
[EventCountry "ESP"]
[SourceTitle "EXT 2017"]
[Source "ChessBase"]
[SourceDate "2016.10.25"]
[SourceVersion "1"]
[SourceVersionDate "2016.10.25"]
[SourceQuality "1"]
[WhiteTeam "San Fernando de Henares"]
[BlackTeam "Villalba 64"]
[WhiteTeamCountry "ESP"]
[BlackTeamCountry "ESP"]

1. e4 e6 2. d4 d5 3. Nd2 Nf6 4. e5 Nfd7 5. Bd3 c5 6. c3 Nc6 7. Ne2 cxd4 8. cxd4 f6 9. exf6 Nxf6 10. Nf3 Bd6 11. 0-0 Qc7 12. Nc3 a6 13. Bg5 0-0 14. Rc1 Bd7 15. Bb1 Be8 16. Qd3 Bh5 17. Kh1 Bxf3 18. Bxf6 Rxf6 19. Qxh7+ Kf7 20. Qh3 Bf4 21. Qxf3 Bxc1 22. Qh5+ Ke7 23. Rxc1 Qf4 24. Re1 Qxf2 25. Qd1 Kd6 26. Ne2 Rh8 27. Ng1 Qxd4 28. Qe2 Qe5 29. Nf3 Qxe2 30. Rxe2 Nd4 0-1

[Event "Madrid-chT 1516"]
[Site "Madrid"]
[Date "2016.02.07"]
[Round "9.26"]
[White "Rodriguez Lopez, Ruben"]
[Black "Rivas Vila, David"]
[Result "0-1"]
[WhiteElo "1949"]
[BlackElo "2190"]
[PlyCount "92"]
[EventDate "2015.11.22"]
[EventType "team-tourn"]
[EventRounds "14"]
[EventCountry "ESP"]
[SourceTitle "EXT 2017"]
[Source "ChessBase"]
[SourceDate "2016.10.25"]
[SourceVersion "1"]
[SourceVersionDate "2016.10.25"]
[SourceQuality "1"]
[WhiteTeam "San Fernando de Henares"]
[BlackTeam "Blanco y Negro"]
[WhiteTeamCountry "ESP"]
[BlackTeamCountry "ESP"]

1. Nf3 g6 2. g3 Bg7 3. Bg2 f5 4. d4 Nf6 5. 0-0 0-0 6. c4 d6 7. Nc3 Qe8 8. Re1 Qf7 9. Qb3 Ne4 10. Be3 Nxc3 11. bxc3 h6 12. Nd2 c6 13. Qa3 Nd7 14. Rab1 Kh8 15. Rb3 g5 16. f3 f4 17. Bf2 Nf6 18. e4 fxe3 19. Rxe3 Ng4 20. Re2 Nxf2 21. Rxf2 Qe6 22. Qc1 Qe3 23. Qd1 Qd3 24. Bf1 Qg6 25. d5 g4 26. f4 Rf7 27. Bg2 c5 28. Re2 b6 29. a4 Bf5 30. Ne4 Re8 31. a5 e5 32. axb6 exf4 33. bxa7 Rxa7 34. Nd2 Rxe2 35. Qxe2 f3 36. Nxf3 gxf3 37. Bxf3 Ra1+ 38. Kg2 Bd3 39. Rb8+ Kh7 40. Qe7 Bf1+ 41. Kg1 Bh3+ 42. Kf2 Qc2+ 43. Be2 Rf1+ 44. Ke3 Qc1+ 45. Kd3 Qxc3+ 46. Ke4 Bf5# 0-1

[Event "Madrid-chT 1516"]
[Site "Madrid"]
[Date "2016.01.31"]
[Round "8.16"]
[White "Martinez Rodriguez, Pablo"]
[Black "Rodriguez Lopez, Ruben"]
[Result "1-0"]
[WhiteElo "2259"]
[BlackElo "1949"]
[PlyCount "47"]
[EventDate "2015.11.22"]
[EventType "team-tourn"]
[EventRounds "14"]
[EventCountry "ESP"]
[SourceTitle "EXT 2017"]
[Source "ChessBase"]
[SourceDate "2016.10.25"]
[SourceVersion "1"]
[SourceVersionDate "2016.10.25"]
[SourceQuality "1"]
[WhiteTeam "Collado Villalba"]
[BlackTeam "San Fernando de Henares"]
[WhiteTeamCountry "ESP"]
[BlackTeamCountry "ESP"]

1. d4 d5 2. Nf3 Bf5 3. c4 e6 4. Nc3 Nc6 5. Bf4 Nf6 6. e3 a6 7. Rc1 Be7 8. Be2 0-0 9. 0-0 h6 10. h3 Rc8 11. cxd5 exd5 12. Na4 Bd7 13. Nc5 Bxc5 14. Rxc5 Ne7 15. Qb3 b5 16. Bd3 c6 17. Rfc1 Be8 18. Ne5 Nd7 19. Rxc6 Rxc6 20. Nxc6 Nxc6 21. Rxc6 Qa8 22. Qc2 Nb8 23. Rc8 Bd7 24. Bh7+ 1-0

[Event "Guadalajara-chT"]
[Site "Guadalajara"]
[Date "2016.01.23"]
[Round "1.2"]
[White "Cubillo Munoz, Miguel"]
[Black "Rodriguez Lopez, Ruben"]
[Result "1/2-1/2"]
[WhiteElo "2028"]
[BlackElo "1931"]
[PlyCount "81"]
[EventDate "2016.01.23"]
[EventType "team-tourn"]
[EventRounds "9"]
[EventCountry "ESP"]
[SourceTitle "EXT 2017"]
[Source "ChessBase"]
[SourceDate "2016.10.25"]
[SourceVersion "1"]
[SourceVersionDate "2016.10.25"]
[SourceQuality "1"]
[WhiteTeam "Bar el Mambru"]
[BlackTeam "Uned A"]
[WhiteTeamCountry "ESP"]
[BlackTeamCountry "ESP"]

1. e4 e5 2. Nc3 Nf6 3. f4 d6 4. Nf3 Nc6 5. Bb5 exf4 6. d4 Bd7 7. Bxf4 a6 8. Be2 Bg4 9. h3 Bh5 10. e5 Nd7 11. Ng5 Bxe2 12. Qxe2 Nxd4 13. Qc4 Ne6 14. Nxe6 fxe6 15. Qxe6+ Qe7 16. Qxe7+ Bxe7 17. exd6 Bxd6 18. Bxd6 cxd6 19. 0-0-0 0-0 20. Rxd6 Ne5 21. Re6 Ng6 22. Rhe1 Rf2 23. Re8+ Rxe8 24. Rxe8+ Kf7 25. Re2 Rf1+ 26. Nd1 Nf4 27. Rd2 Ke6 28. Rd8 Nxg2 29. Rb8 Rf7 30. Re8+ Kd7 31. Re4 h5 32. Kd2 Rf3 33. Re5 Rxh3 34. Rg5 Nf4 35. Rxg7+ Kc6 36. Nf2 Rf3 37. Ne4 h4 38. Rh7 h3 39. c4 Rd3+ 40. Kc2 Re3 41. Rh6+ 1/2-1/2

[Event "ESP-ch Universities"]
[Site "Madrid"]
[Date "2008.05.08"]
[Round "3"]
[White "Gonzalez Merino, Alberto"]
[Black "Rodriguez Lopez, Ruben"]
[Result "1-0"]
[WhiteElo "2174"]
[BlackElo "1989"]
[PlyCount "53"]
[EventDate "2008.05.08"]
[EventType "swiss"]
[EventRounds "9"]
[EventCountry "ESP"]
[SourceTitle "CBM 124 Extra"]
[Source "ChessBase"]
[SourceDate "2008.07.03"]
[SourceVersion "1"]
[SourceVersionDate "2008.07.03"]
[SourceQuality "1"]

1. d4 d5 2. c4 Bf5 3. Nc3 e6 4. cxd5 exd5 5. Qb3 Nc6 6. Nf3 Nb4 7. e4 dxe4 8. Ng5 Qd7 9. Bc4 Nd3+ 10. Kf1 0-0-0 11. Nxf7 Bh3 12. Nxe4 Qg4 13. Rg1 Qxe4 14. Bxd3 Qxd4 15. gxh3 Qxd3+ 16. Qxd3 Rxd3 17. Be3 Rd7 18. Nxh8 g6 19. Ke2 Bg7 20. Nxg6 hxg6 21. Rxg6 Nf6 22. Rag1 Ne8 23. b3 Be5 24. f4 Bd6 25. h4 Re7 26. Kf3 Rf7 27. h5 1-0

[Event "ESP-ch Universities"]
[Site "Madrid"]
[Date "2008.05.08"]
[Round "1"]
[White "Serna Lara, Sergio"]
[Black "Rodriguez Lopez, Ruben"]
[Result "1-0"]
[WhiteElo "2248"]
[BlackElo "1989"]
[PlyCount "106"]
[EventDate "2008.05.08"]
[EventType "swiss"]
[EventRounds "9"]
[EventCountry "ESP"]
[SourceTitle "CBM 124 Extra"]
[Source "ChessBase"]
[SourceDate "2008.07.03"]
[SourceVersion "1"]
[SourceVersionDate "2008.07.03"]
[SourceQuality "1"]

1. d4 d5 2. c4 Bf5 3. cxd5 Bxb1 4. Qa4+ c6 5. dxc6 Nxc6 6. Rxb1 Qxd4 7. Qxd4 Nxd4 8. e3 Nc2+ 9. Kd1 Nb4 10. Bb5+ Nc6 11. Nf3 0-0-0+ 12. Ke2 f6 13. Bxc6 bxc6 14. Nd4 Rd6 15. Bd2 e5 16. Nb3 Nh6 17. Rhc1 Nf5 18. Rc4 h5 19. Rbc1 Kb7 20. Na5+ Kb6 21. Rxc6+ Rxc6 22. Rxc6+ Kb5 23. b3 Bb4 24. a4+ Kxa5 25. Rc5+ Kb6 26. Bxb4 Rd8 27. Rb5+ Kc6 28. Ba5 Rd7 29. Rb8 Nd6 30. b4 Nb7 31. b5+ Kc5 32. Rc8+ Kd5 33. Bb4 Nd8 34. Rc2 f5 35. Rd2+ Ke6 36. Rxd7 Kxd7 37. Bc5 a5 38. bxa6 Kc6 39. Kd3 Ne6 40. a7 Nc7 41. Kc4 g6 42. f3 Na8 43. Be7 Nc7 44. Bf6 Kd6 45. Bd8 Na8 46. Kb5 e4 47. fxe4 fxe4 48. Kc4 Kd7 49. Ba5 Ke6 50. Kc5 Ke5 51. Kc6 Ke6 52. Kb7 Kd7 53. Kxa8 Kc8 1-0

[Event "Patrimonio op 2nd"]
[Site "Alcala de Henares"]
[Date "2007.10.10"]
[Round "4"]
[White "Rodriguez Lopez, Ruben"]
[Black "Rabadan Velasco, Raul"]
[Result "1/2-1/2"]
[WhiteElo "2012"]
[BlackElo "2307"]
[PlyCount "105"]
[EventDate "2007.10.07"]
[EventType "swiss"]
[EventRounds "9"]
[EventCountry "ESP"]
[SourceTitle "EXT 2008"]
[Source "ChessBase"]
[SourceDate "2007.11.25"]
[SourceVersion "1"]
[SourceVersionDate "2007.11.25"]
[SourceQuality "1"]

1. e4 c5 2. Nf3 d6 3. c3 Nf6 4. Be2 Nbd7 5. d3 e5 6. 0-0 Be7 7. Nbd2 Nf8 8. d4 Ng6 9. dxe5 dxe5 10. Nc4 Qc7 11. Bg5 0-0 12. Bxf6 Bxf6 13. Qd6 Qxd6 14. Nxd6 Nf4 15. Bc4 Bg4 16. Ne1 Be7 17. Nf5 Bg5 18. h3 Bh5 19. Ng3 Bg6 20. Nf3 Bf6 21. Rfd1 Rfd8 22. Kh2 Kf8 23. Nf5 Bxf5 24. exf5 e4 25. Nd2 Be5 26. Nxe4 Nd3+ 27. f4 Bxf4+ 28. g3 Nxb2 29. Rxd8+ Rxd8 30. Be2 Be5 31. Rb1 Na4 32. Rxb7 Nxc3 33. Nxc3 Rd2 34. Kh1 Rc2 35. Ne4 Rxe2 36. Nxc5 Bxg3 37. Rxa7 Bd6 38. Nb7 Be5 39. a4 Rh2+ 40. Kg1 Rxh3 41. Ra8+ Ke7 42. a5 Ra3 43. Nd8 Bc3 44. Nc6+ Kd6 45. Ra6 Kc5 46. f6 gxf6 47. Ne7 Bxa5 48. Rxf6 Bd8 49. Rxf7 Ra7 50. Rf5+ Kc4 51. Nc6 Bb6+ 52. Kg2 Ra2+ 53. Kf3 1/2-1/2